| Tag |
First Indicator |
Second Indicator |
Subfields |
| LEADER |
00000cam a2200000 a 4500 |
| 001 |
in00001272021 |
| 005 |
20151004050938.0 |
| 008 |
950831s1996 gw a b 001 0 eng |
| 010 |
|
|
|a 95041276
|
| 020 |
|
|
|a 3540589678 (hardcover : alk. paper)
|
| 035 |
|
|
|a (OCoLC)33167827
|
| 035 |
|
|
|9 AGW4265AM
|
| 040 |
|
|
|a DLC
|c DLC
|d NLM
|d C#P
|d TXA
|d UtOrBLW
|
| 049 |
|
|
|a TXAM
|
| 050 |
0 |
0 |
|a QP376
|b .H25 1996
|
| 060 |
1 |
0 |
|a WL 300
|b H155p 1996
|
| 069 |
0 |
|
|a 9514828
|
| 082 |
0 |
0 |
|a 612.8/2
|2 20
|
| 100 |
1 |
|
|a Haken, H.
|
| 245 |
1 |
0 |
|a Principles of brain functioning :
|b a synergetic approach to brain activity, behavior and cognition /
|c Hermann Haken.
|
| 264 |
|
1 |
|a Berlin ;
|a New York :
|b Springer,
|c [1996]
|
| 264 |
|
4 |
|c ©1996
|
| 300 |
|
|
|a xiii, 347 pages :
|b illustrations (some color) ;
|c 25 cm.
|
| 336 |
|
|
|a text
|b txt
|2 rdacontent
|
| 337 |
|
|
|a unmediated
|b n
|2 rdamedia
|
| 338 |
|
|
|a volume
|b nc
|2 rdacarrier
|
| 490 |
1 |
|
|a Springer series in synergetics ;
|v 67
|
| 504 |
|
|
|a Includes bibliographical references (pages [321]-340) and index.
|
| 650 |
|
0 |
|a Brain
|x Mathematical models.
|
| 650 |
|
0 |
|a System theory.
|
| 650 |
1 |
2 |
|a Brain
|x physiology.
|
| 650 |
1 |
2 |
|a Models, Theoretical.
|
| 650 |
2 |
2 |
|a Movement
|x physiology.
|
| 650 |
2 |
2 |
|a Thinking
|x physiology.
|
| 650 |
2 |
2 |
|a Visual Perception
|x physiology.
|
| 650 |
2 |
2 |
|a Electroencephalography.
|
| 830 |
|
0 |
|a Springer series in synergetics ;
|v v. 67.
|
| 999 |
|
|
|a MARS
|
| 999 |
f |
f |
|s 2ffcaca9-8518-30c2-b1ad-17e46fb78dcb
|i a6a07da1-e1c7-3aa9-951a-a9995b8a981b
|t 0
|
| 952 |
f |
f |
|p normal
|a Texas A&M University
|b College Station
|c Sterling C. Evans Library
|s Evans stk
|d Evans: Library Stacks
|t 0
|e QP376 .H25 1996
|h Library of Congress classification
|i unmediated -- volume
|m A14819716958
|
| 998 |
f |
f |
|a QP376 .H25 1996
|t 0
|l Evans: Library Stacks
|